Normal view
MARC view
- Izhar ul Haq | Urooj Ayub | Sheraz Shahid Butt
Entry Personal Name
001 - CONTROL NUMBER
- control field: 5592
003 - CONTROL NUMBER IDENTIFIER
- control field: NUST
005 - DATE AND TIME OF LATEST TRANSACTION
- control field: 20171024124457.0
008 - FIXED-LENGTH DATA ELEMENTS
- fixed length control field: 171024|| aca||aabn | a|a d
040 ## - CATALOGING SOURCE
- Original cataloging agency: NUST
- Transcribing agency: NUST
100 ## - HEADING--PERSONAL NAME
- Personal name: Izhar ul Haq | Urooj Ayub | Sheraz Shahid Butt
670 ## - SOURCE DATA FOUND
- Source citation: Work cat.: (NUST): Izhar ul Haq | Urooj Ayub | Sheraz Shahid Butt, TryOn-An augmented reality fitting room, 2017
